000
00223nam a2200097Ia 4500
008
240331s9999 xx 000 0 und d
082
_b
DIS
100
_a
Dissanayaka, T.D.S.A
245
4
_a
The politics of Sri Lanka
942
_c
L
999
_c
2317
_d
2317